|
|
|
|
| LEADER |
00000nam0a2200000 4500 |
| 001 |
289788 |
| 005 |
20231102000224.0 |
| 035 |
|
|
|a (RuTPU)RU\TPU\book\314304
|
| 090 |
|
|
|a 289788
|
| 100 |
|
|
|a 20150402d1950 m y0rusy50 ca
|
| 101 |
0 |
|
|a rus
|
| 102 |
|
|
|a RU
|
| 105 |
|
|
|a a j 001zy
|
| 200 |
1 |
|
|a Гидравлика, гидрология, гидрометрия. Ч. 1
|e учебник для вузов
|f К. А. Михайлов, А. И. Богомолов
|
| 210 |
|
|
|a Москва
|c Дориздат
|d 1950
|
| 215 |
|
|
|a 288 с.
|c ил.
|
| 320 |
|
|
|a Библиогр.: с. 276.
|
| 606 |
1 |
|
|a Гидрометрия
|2 stltpush
|3 (RuTPU)RU\TPU\subj\6764
|9 34568
|
| 610 |
1 |
|
|a учебники
|
| 610 |
1 |
|
|a гидравлика
|
| 610 |
1 |
|
|a гидрология
|
| 610 |
1 |
|
|a жидкость
|
| 610 |
1 |
|
|a физические свойства
|
| 610 |
1 |
|
|a гидростатика
|
| 610 |
1 |
|
|a дифференциальные уравнения
|
| 610 |
1 |
|
|a гидродинамика
|
| 610 |
1 |
|
|a идеальная жидкость
|
| 610 |
1 |
|
|a уравнение непрерывности
|
| 610 |
1 |
|
|a закон сохранения массы
|
| 610 |
1 |
|
|a уравнение Бернулли
|
| 610 |
1 |
|
|a ламинарное движение
|
| 610 |
1 |
|
|a турбулентное движение
|
| 610 |
1 |
|
|a отверстия
|
| 610 |
1 |
|
|a насадки
|
| 610 |
1 |
|
|a трубопроводы
|
| 610 |
1 |
|
|a гидравлический удар
|
| 610 |
1 |
|
|a таблицы
|
| 675 |
|
|
|a 556.08(075.8)
|v 3
|
| 700 |
|
1 |
|a Михайлов
|b К. А.
|
| 701 |
|
1 |
|a Богомолов
|b А. И.
|
| 801 |
|
1 |
|a RU
|b 63413507
|c 20150402
|
| 801 |
|
2 |
|a RU
|b 63413507
|c 20150408
|g RCR
|
| 942 |
|
|
|c BK
|